| 000 | 00670nam a2200181Ia 4500 | ||
|---|---|---|---|
| 003 | GCL | ||
| 008 | 140319s9999 xx 000 0 ara d | ||
| 040 |
_aGCL / _cGCL |
||
| 082 | 0 | 4 |
_a811.1 _bح ش |
| 100 | 1 | _aحاتم الطائى، حاتم بن عبدالله بن سعد، -575 م | |
| 245 | 1 | 0 |
_aشرح ديوان : حاتم الطائى / _cحاتم الطائى، حاتم بن عبدالله بن سعد، -575 م |
| 300 | _a95 ص | ||
| 490 | _a | ||
| 650 | 0 | 4 | _aحاتم الطائى |
| 650 | 0 | 4 | _aالشعر العربى - دواوين وقصائد |
| 650 | 0 | 4 | _aالشعر العربى - تاريخ ونقد - العصر الجاهلى |
| 942 |
_2ddc _cBK |
||
| 999 |
_c40019 _d40019 |
||